00414 2200157 4500001002100000005001500021035002000036245005900056100001600115300002600131260004300157082000800200084001400208020002200222990001200244INLIS00000000000268020250904030928 a0010-09250000271 aTasamuh :bMakin Beriman, Makin Toleran /cIrfan Amali0 aIrfan Amali a104 hlm ;c15 x 23 cm aJakarta :bEmir Cakrawala Islam,c2024 a200 a200 IRF t a978-623-6698-57-0 a0755342